| 000 | 00585nam a22001817a 4500 | ||
|---|---|---|---|
| 999 |
_c190947 _d190947 |
||
| 005 | 20220816111612.0 | ||
| 010 | _aENG-134376 | ||
| 020 |
_a9789388096041 _c224.00 |
||
| 035 | _aEN-117908 | ||
| 037 | _bDBAD/PUB | ||
| 082 | _a658 | ||
| 100 | _aC Sambaiah | ||
| 245 |
_aBusiness Organization and Management/ _cC Sambaiah at all |
||
| 260 |
_aHyderabad _c2018 _bSeven Hills International Publishers |
||
| 270 |
_a#326/c, Level-4, Surneni Nilayam, Near B.K. Guda Park, S.R. Nagar _bHyderanad _e500038 |
||
| 300 |
_aviii,288p. _c22cm(pb) |
||
| 942 |
_2ddc _cEN _h658 _mSAM |
||